[Event "Helsingor Xtracon op"]
[Site "Helsingor"]
[Date "2016.07.29"]
[Round "8"]
[White "Keen, Cosima C"]
[Black "Grotle, Ramona"]
[Result "1-0"]
[WhiteElo "1918"]
[BlackElo "1632"]
[PlyCount "135"]
[EventDate "2016.07.23"]
[EventType "swiss"]
[EventRounds "10"]
[EventCountry "DEN"]
[SourceTitle "CBM 173 Extra"]
[Source "ChessBase"]
[SourceDate "2016.08.29"]
[SourceVersion "1"]
[SourceVersionDate "2016.08.29"]
[SourceQuality "1"]

1. e4 c6 2. d4 d5 3. exd5 cxd5 4. Bd3 Nc6 5. c3 Qc7 6. Ne2 Bg4 7. f3 Bd7 8. Bf4 e5 9. dxe5 Nxe5 10. Bxe5 Qxe5 11. 0-0 Bc5+ 12. Kh1 Nf6 13. Nd2 0-0 14. Qe1 Bf5 15. Bxf5 Qxf5 16. Nb3 Bd6 17. Nbd4 Qg6 18. Qh4 Qh5 19. Qxh5 Nxh5 20. Nf5 Rfe8 21. Ned4 Bc5 22. Rad1 g6 23. Nb3 b6 24. Nh6+ Kg7 25. Ng4 f5 26. Nf2 Bxf2 27. Rxf2 Nf6 28. Kg1 Kf7 29. Nd4 a6 30. Kf1 Rac8 31. Rfd2 h6 32. Nc2 a5 33. Kf2 f4 34. Na3 Rc5 35. Nc2 g5 36. Ne1 Kg6 37. Nd3 Rc7 38. Nc1 h5 39. h3 Rc4 40. Re2 Rxe2+ 41. Nxe2 Rc8 42. h4 Re8 43. Rd4 Re5 44. hxg5 Kxg5 45. Nxf4 Rf5 46. g3 Re5 47. b4 Kh6 48. bxa5 bxa5 49. Ra4 Re8 50. Rxa5 Rc8 51. Ne2 Rc4 52. a4 Rc8 53. Ra7 Rb8 54. a5 Rb2 55. a6 Kg6 56. Ra8 Ra2 57. a7 Kg7 58. Ke3 Nd7 59. Nf4 Nb6 60. Rb8 Nc4+ 61. Kd4 Rxa7 62. Kxd5 Ne3+ 63. Ke4 Re7+ 64. Kd3 Nf5 65. Rb5 Rd7+ 66. Kc2 Nxg3 67. Rg5+ Kf6 68. Rxg3 1-0

[Event "Helsingor Xtracon op"]
[Site "Helsingor"]
[Date "2016.07.25"]
[Round "4"]
[White "Grotle, Ramona"]
[Black "Fossan, Benjamin"]
[Result "1/2-1/2"]
[WhiteElo "1632"]
[BlackElo "1873"]
[PlyCount "109"]
[EventDate "2016.07.23"]
[EventType "swiss"]
[EventRounds "10"]
[EventCountry "DEN"]
[SourceTitle "CBM 173 Extra"]
[Source "ChessBase"]
[SourceDate "2016.08.29"]
[SourceVersion "1"]
[SourceVersionDate "2016.08.29"]
[SourceQuality "1"]

1. e4 c5 2. Nf3 g6 3. d3 Bg7 4. g3 Nc6 5. Bg2 Nf6 6. 0-0 0-0 7. c3 d6 8. Re1 e5 9. Na3 Ne8 10. Be3 Nc7 11. d4 cxd4 12. cxd4 Bg4 13. d5 Ne7 14. h3 Bc8 15. Rc1 f5 16. Bg5 fxe4 17. Bxe7 Qxe7 18. Rxe4 Na6 19. Rec4 Qf6 20. R1c2 Bf5 21. Re2 g5 22. Qd2 Bh6 23. g4 Bg6 24. Nb5 Nc5 25. Ne1 a6 26. Nc7 Rac8 27. Ne6 Nxe6 28. Rxc8 Rxc8 29. dxe6 Qe7 30. Qb4 Rc7 31. Bd5 Bf8 32. Re3 Kg7 33. Rc3 b5 34. Qa5 Rxc3 35. Qxc3 Qa7 36. Qe3 Qc5 37. Qxc5 dxc5 38. Nf3 Kf6 39. Kf1 Bd6 40. Nd2 h6 41. Ke2 Ke7 42. f3 Bc7 43. Ne4 Bxe4 44. fxe4 Kd6 45. b3 Bd8 46. Kd3 Kc7 47. Kc3 Be7 48. Kd3 Kb6 49. Kc3 Ka5 50. Bb7 Bd6 51. Bc6 Be7 52. Bb7 Kb6 53. Bd5 Bd6 54. Kc2 Be7 55. Kc3 1/2-1/2

[Event "Straume Hordalandsmesterskap GP A"]
[Site "Straume"]
[Date "2014.04.06"]
[Round "4"]
[White "Ohnstad, Per"]
[Black "Grotle, Ramona"]
[Result "1-0"]
[WhiteElo "1485"]
[BlackElo "1243"]
[PlyCount "121"]
[EventDate "2014.04.04"]
[EventType "swiss"]
[EventRounds "5"]
[EventCountry "NOR"]
[SourceTitle "EXT 2024"]
[Source "ChessBase"]
[SourceDate "2023.10.10"]
[SourceVersion "1"]
[SourceVersionDate "2023.10.10"]
[SourceQuality "1"]

1. e4 c6 2. d4 d5 3. Nd2 dxe4 4. Nxe4 Bf5 5. Ng3 Bg6 6. Nf3 Nd7 7. Nh4 e6 8. Nxg6 hxg6 9. c3 Qc7 10. Qf3 Ngf6 11. Bf4 Bd6 12. Bxd6 Qxd6 13. 0-0-0 0-0-0 14. Bd3 Qd5 15. Qxd5 exd5 16. h3 Rde8 17. Rhe1 Kc7 18. Re2 Rxe2 19. Nxe2 Re8 20. Kd2 Kd6 21. b4 b6 22. Ng1 c5 23. dxc5+ bxc5 24. Nf3 Ne4+ 25. Bxe4 Rxe4 26. Ng5 Rf4 27. Ke3 Rf5 28. Ne4+ Kc6 29. b5+ Kc7 30. Ng3 Re5+ 31. Kd2 Nb6 32. Kc2 Kd6 33. f3 Ke6 34. Kd3 Nc4 35. Rc1 Na3 36. f4 c4+ 37. Kd2 Rh5 38. Re1+ Kd7 39. Nxh5 gxh5 40. Re5 Nxb5 41. Rxd5+ Nd6 42. Rxh5 Ne4+ 43. Kc2 Nd6 44. Ra5 Ke6 45. Rxa7 Kf5 46. g3 Ke4 47. Rd7 Nf5 48. Rxf7 Ne3+ 49. Kc1 Kd3 50. a4 Kxc3 51. a5 Nd5 52. a6 Nb4 53. a7 Nd3+ 54. Kb1 Kd2 55. Rd7 c3 56. Rxd3+ Kxd3 57. Kc1 Ke3 58. a8Q c2 59. Qa3+ Kf2 60. Kxc2 g5 61. fxg5 1-0

[Event "Straume Hordalandsmesterskap GP A"]
[Site "Straume"]
[Date "2014.04.05"]
[Round "3"]
[White "Woldseth, Ole"]
[Black "Grotle, Ramona"]
[Result "1-0"]
[WhiteElo "2017"]
[BlackElo "1243"]
[PlyCount "77"]
[EventDate "2014.04.04"]
[EventType "swiss"]
[EventRounds "5"]
[EventCountry "NOR"]
[SourceTitle "EXT 2024"]
[Source "ChessBase"]
[SourceDate "2023.10.10"]
[SourceVersion "1"]
[SourceVersionDate "2023.10.10"]
[SourceQuality "1"]

1. d4 d5 2. c4 e6 3. Nc3 Nf6 4. Bg5 Bb4 5. e3 0-0 6. a3 Be7 7. Nf3 Nc6 8. b4 dxc4 9. Bxc4 Nd5 10. Bxe7 Ncxe7 11. Rc1 b6 12. Nxd5 exd5 13. Bd3 Bf5 14. Bxf5 Nxf5 15. Qc2 Nd6 16. Nd2 Rc8 17. Qc6 Nf5 18. 0-0 Qd6 19. Nf3 f6 20. Rc3 Qxc6 21. Rxc6 Nd6 22. Nd2 Rfd8 23. Rfc1 Rd7 24. Kf1 Kf7 25. Ke2 Ke8 26. Kd3 Kd8 27. f3 f5 28. f4 Nf7 29. Nf3 Ke7 30. Ne5 Nxe5+ 31. dxe5 Kd8 32. Kd4 a6 33. e6 Re7 34. Kxd5 Ke8 35. Ke5 Rd8 36. Rxc7 Rxc7 37. Rxc7 Rd3 38. Rxg7 Rxe3+ 39. Kf6 1-0

[Event "Hordaland-ch NGP B"]
[Site "Bergen"]
[Date "2013.06.01"]
[Round "2"]
[White "Grotle, Ramona"]
[Black "Hauge, Eirik"]
[Result "1/2-1/2"]
[WhiteElo "1018"]
[BlackElo "1041"]
[PlyCount "79"]
[EventDate "2013.05.31"]
[EventType "swiss"]
[EventRounds "5"]
[EventCountry "NOR"]
[SourceTitle "EXT 2024"]
[Source "ChessBase"]
[SourceDate "2023.10.10"]
[SourceVersion "1"]
[SourceVersionDate "2023.10.10"]
[SourceQuality "1"]

1. e4 d5 2. exd5 Qxd5 3. Nc3 Qa5 4. d4 c6 5. Nf3 Bf5 6. Bc4 Nd7 7. 0-0 e6 8. Bf4 Ngf6 9. a3 b5 10. Bd3 Bxd3 11. Qxd3 Be7 12. Rfe1 0-0 13. Ng5 g6 14. Qh3 Nh5 15. Bd2 Bxg5 16. Bxg5 b4 17. axb4 Qxg5 18. Ne4 Qe7 19. g4 Nhf6 20. c3 Nxe4 21. Rxe4 Qg5 22. f4 Qd5 23. Rae1 Qb3 24. Qh6 Qxb2 25. R4e3 Rfe8 26. Rh3 Nf8 27. Rhe3 Red8 28. h4 Qb3 29. h5 Rd7 30. Qg5 Qd5 31. Qf6 gxh5 32. Re5 Qf3 33. Rg5+ Ng6 34. gxh5 Qxc3 35. Rd1 Qe3+ 36. Kf1 Qf3+ 37. Ke1 Qe3+ 38. Kf1 Qf3+ 39. Ke1 Qe3+ 40. Kf1 1/2-1/2